| 000 | 00687nam a2200145Ia 4500 | ||
|---|---|---|---|
| 008 | 170221s9999 xx 000 0 und d | ||
| 100 | _aIskandar S. Kobersy | ||
| 245 | _aApproaches to Implementation of Motivation as the Complex Conditions of Increase of Efficiency of Social and Labor Relations: International Experience | ||
| 245 | _cIskandar S. Kobersy, Leyla G. Khasiyeva, Viktoria D. Yakhina, Olga V. Ignatyeva, Ludmila V. Goloshchapova, Dmitry V. Shkurkin, Liana R. Sadykova | ||
| 260 | _bInternational Review of Management and Marketing | ||
| 260 | _cMarch 2016 | ||
| 300 | _a5:1 | ||
| 650 | _xMarketing. | ||
| 856 | _uhttp://www.econjournals.com/index.php/irmm/issue/view/70 | ||
| 999 |
_c310014 _d310014 |
||